Elektrické autá sú nevyhnutná budúcnosť

Elektromobilita na Slovensku. Zaregistrovaných 178 elektromobilov. Volkswagen e-up!. Rozvoj elektromobilty a nabíjacej infraštruktúry v nemeckom energetickom koncerne RWE. Nabíjacie stanice GreenWay na Slovensku. Nevyhnutný servis.

Na minha lista:
Detalhes bibliográficos
Autor principal: Kvašňák, Lukáš
Formato: Capítulo de Livro
Idioma:eslovaco
Assuntos:
Tags: Adicionar Tag
Sem tags, seja o primeiro a adicionar uma tag!

MARC

LEADER 00000naa a2200000 4500
001 0208315
005 20231113104302.9
041 0 |a slo 
044 |a SK 
245 1 0 |a Elektrické autá sú nevyhnutná budúcnosť  |c Lukáš Kvašňák 
520 |a Elektromobilita na Slovensku. Zaregistrovaných 178 elektromobilov. Volkswagen e-up!. Rozvoj elektromobilty a nabíjacej infraštruktúry v nemeckom energetickom koncerne RWE. Nabíjacie stanice GreenWay na Slovensku. Nevyhnutný servis. 
610 2 0 |a automobily osobné 
610 2 0 |a elektrina 
610 2 0 |a priemysel automobilový 
610 2 0 |a firmy 
100 1 |a Kvašňák, Lukáš